El vaquero de Dios

Bewaard in:
Bibliografische gegevens
Hoofdauteur: Jara, Marta (Auteur)
Formaat: Boek
Taal:Spaans
Gepubliceerd in: Santiago Nascimento 1949
Onderwerpen:
Tags: Voeg label toe
Geen labels, Wees de eerste die dit record labelt!

MARC

LEADER 00000nam a2200000 a 4500
001 UCQ6604
003 CL-VaPUC
008 981016e19490000CL |||||||||||||||||spa|d
082 0 4 |a Ch863  |b JAR  |2 21 
100 |a Jara, Marta  |e author  |9 456353 
245 1 3 |a El vaquero de Dios 
300 |a 183 p 
942 |c BK 
945 |d 19981016 00:00:00  |a lriquelm 
260 |a Santiago  |b Nascimento  |c 1949 
650 0 |a Literatura chilena   |9 308278 
650 0 |a Cuentos chilenos   |9 308280 
583 |a last modification  |c 19981016 00:00:00  |k Rodrigo Vera 
999 |c 276551  |d 276549 
952 |0 0  |1 0  |4 0  |6 CH_863_000000000000000_JAR_1949  |7 0  |8 A  |9 313837  |a BIBEDU  |b BIBEDU  |c ES_NOD  |d 2019-11-20  |i 1483277  |o Ch863 JAR 1949  |p 1483277  |r 2023-08-09  |w 2019-11-20  |y BK  |k LIT